| 000 | 00425nam a22001697a 4500 | ||
|---|---|---|---|
| 005 | 20180801164525.0 | ||
| 008 | 160514b xxu||||| |||| 00| 0 eng d | ||
| 020 | _a978-0-07-068213-9 | ||
| 041 | _aeng | ||
| 082 |
_b2233 _a658.3 |
||
| 100 |
_aAswathappa, K. _94692 |
||
| 245 | _aHuman Resource Management | ||
| 260 |
_aNew Delhi _bMc Graw Hill Companies, _c2010 |
||
| 300 | _a804p, | ||
| 650 |
_aManagement _9241 |
||
| 942 | _cBK | ||
| 999 |
_c825 _d825 |
||